Clow Cards by order of capture - Statistics

General Stats
  • This quiz has been taken 4 times
  • The average score is 38 of 53
Answer Stats
Number Answer % Correct
22 FIGHT
100%
18 FLOAT
100%
12 FLOWER
100%
2 FLY
100%
8 ILLUSION
100%
7 JUMP
100%
26 LITTLE
100%
23 LOOP
100%
28 MAZE
100%
27 MIRROR
100%
16 MIST
100%
21 MOVE
100%
15 POWER
100%
5 RAIN
100%
3 SHADOW
100%
13 SHIELD
100%
9 SILENT
100%
24 SLEEP
100%
25 SONG
100%
11 SWORD
100%
10 THUNDER
100%
14 TIME
100%
4 WATERY
100%
1 WINDY
100%
6 WOOD
100%
33 BIG
67%
35 CHANGE
67%
34 CREATE
67%
32 DASH
67%
19 ERASE
67%
37 FIREY
67%
36 FREEZE
67%
20 GLOW
67%
29 RETURN
67%
17 STORM
67%
31 SWEET
67%
38 ARROW
33%
46 CLOUD
33%
49 DARK
33%
47 DREAM
33%
52 EARTHY
33%
41 LIBRA
33%
50 LIGHT
33%
45 LOCK
33%
53 NOTHING
33%
48 SAND
33%
30 SHOT
33%
43 SNOW
33%
42 THROUGH
33%
51 TWIN
33%
44 VOICE
33%
40 WAVE
33%
39 BUBBLES
0%
No matching quizzes found
Score Distribution
Percent of People with Each Score
Percentile by Number Answered
Your Score History
You have not taken this quiz